000 00623nam a22001817a 4500
005 20251108165322.0
008 250721s1979 xx 000 0 ara d
082 1 4 _a9562.62/ديب
100 1 _aإبن الدبيع الشيباني، عبد الرحمن بن علي
245 1 0 _aبغية المستفيد في تاريخ مدينة زبيد /
264 1 _aصنعاء :
_bمركز الدراسات والبحوث اليمني،
_c1979.
300 _a233ص
650 1 7 _aاليمن
650 1 7 _aالتاريخ
700 1 _aالحبشي، عبد الله محمد
_eتحقيق
942 _2ddc
_cBK
999 _c24965
_d24965